000 00681nam a22002177a 4500
003 BUBTL
008 170716b xxu||||| |||| 00| 0 eng d
082 _a658.8
_bH6751s
100 _91282
_aHoffman, K.Douglas
245 _aServices Marketing
_bConcepts,Strategies & Cases
_cHoffman, K.Douglas
250 _a4th
260 _aSouth Western
_bThomson
_c2006
300 _axix, 588p. :
_bill, Graph, Chart, 21cm.
_cMarketing.
440 _91284
_aHoffman K. Douglas
500 _aIncludes Index and Glossary.
650 0 _91285
_aBateson, G. E. Jhon
700 _aBateson, G. E. Jhon
_91285
856 _k0
_l0
_yDownload
942 _2ddc
_cBK
999 _c5486
_d5486